01544nam a22002417a 4500003000900000008004100009040007100050082002300121245010900144260003000253300004500283440004500328505070600373650002601079650002201105650002301127650002401150650001301174700002801187700002901215700002801244700003001272AR-CdUCM190425b ||||| |||| 00| 0 spa d aMUNICIPALIDAD PROVINCIAL DEL CUSCOcBIBLIOTECA MUNICIPAL DEL CUSCO aOropesa/N°25/1997 aOropesa :brevista de cultura y educación de opinión y crítica /cAmérico Valer Vargas, Director aCusco.bMercantil,c1997. a18 páginas. :bilustraciones ;c30 cm. aOropesa.nAño XVI, N°XXV, junio 1997. aContenido: G.U.E. Garcilaso de la Vega del Cusco XLVI años al servicio de la educación nacional. Américo Valer Vargas. -- Congreso de Toledo España. Washington Canal. -- Hacia la articulación secundaria universitaria. Elvio Miranda Zambrano. -- La provincia de Quispicanchi camino al progreso Municipalidad rinde homenaje al 172 aniversario de creación política inaugurando obras. -- Educación para los grandes cambios. -- Así se creo el festival del pan Tanta Raimy Oropesa. -- María Trinidad Enríquez Ladrón de Guevara. Emeteria Uñapillco Roca. -- El hombre y la identidad. Juvenal Pacheco Farfán. -- G.U.E. Inca Garcilaso de la Vega símbolo de modernidad e identidad.  aPolítica cusqueña aGobiernos locales aColegios del Cusco aSociedad cusqueña aSiglo XX aValer Vargas, Américo aMiranda Zambrano, Elvio  aValer Vargas, Alejandro aPacheco Farfán, Juvenal